000 00741cam a2200217 4500
001 ABS61655
008 000000n1999 000 0 eng u
035 _a(Sirsi) u103250
100 _aRichardson, V.
245 _aRestoration drama
260 _c1999
490 _aRIBA Journal
_v 106(12) December 1999, 60-62(3)
520 _aConsiders the benefits which consultants may gain from restoring old buildings instead of concentrating solely on new projects. Includes a list of contacts.
590 _aABS
650 _aRESTORATION
650 _aLISTED BUILDINGS
650 _aPLANNING CONSULTANTS
650 _aARCHITECTS
690 _aBUILT ENVIRONMENT-BUILDING MAINTENANCE AND REFURBISHMENT-BUILDING CONSERVATION
942 _n0
999 _c62050
_d62050